Biblioteca

Canoeing the mountains : (Registro nro. 70068)

Detalles MARC
000 -LÍDER
Campo fijo de descripción fija 01783nam a2200325 i 4500
001 - NÚMERO DE CONTROL
Campo de control 768714001
003 - IDENTIFICADOR DEL NÚMERO DE CONTROL
Campo de control CO-MdFUSB
005 - FECHA Y HORA DE LA ULTIMA TRANSACCIÓN
control field 20250409085918.0
007 - CAMPO FIJO DE DESCRIPCIÓN FIJA--INFORMACIÓN GENERAL
Campo fijo de descripción fija ta
008 - ELEMENTOS DE LONGITUD FIJA -- INFORMACIÓN GENERAL
Campo fijo de descripción fija -- Información general 240606t2015 -us |||| |||| 00| 0 eng d
020 ## - NÚMERO INTERNACIONAL NORMALIZADO PARA LIBROS
Número Internacional Normalizado del libro 9780830841264
040 ## - FUENTE DE CATALOGACIÓN
Agencia de catalogación original CO-MdFUSB
Idioma de catalogación spa
Agencia que realiza la transcripción CO-MdFUSB
Agencia que realiza la modificación CO-MdFUSBC
Convenciones de la descripción rda
041 ## - CÓDIGO DE IDIOMA
Código de idioma para texto/pista de sonido o título separado eng
082 ## - NÚMERO DE CLASIFICACIÓN DECIMAL DEWEY
Número de la edición del Dewey 23
Número de clasificación 253
Clave de autor-Numero de item B693
100 ## - ASIENTO PRINCIPAL--NOMBRE PERSONAL
Nombre personal Bolsinger, Tod,
Término relacionador autor
245 1# - TÍTULO
Título del Material Canoeing the mountains :
Parte restante del título - Subtitulo christian leadership in uncharted territory
Mención de responsabilidad, etc. / Tod Bolsinger
264 #1 - PRODUCCIÓN, PUBLICACIÓN, DISTRIBUCIÓN, MANUFACTURA, Y COPYRIGHT
Lugar de producción, publicación, distribución, manufactura Downers Grove, Illinois :
Nombre del productor, publicador, distribuidor InterVarsity Press,
Fecha de producción, publicación, distribución, manufactura, o copyright [2015]
264 #4 - PRODUCCIÓN, PUBLICACIÓN, DISTRIBUCIÓN, MANUFACTURA, Y COPYRIGHT
Fecha de producción, publicación, distribución, manufactura, o copyright ©2015
300 ## - DESCRIPCIÓN FÍSICA
Extensión 247 páginas
Dimensiones ; 23 cm
336 ## - TIPO DE CONTENIDO
Fuente rdacontent
Término de tipo de contenido texto
Código de tipo de contenido txt
337 ## - TIPO DE MEDIO
Fuente rdamedia
Nombre del tipo de medio sin mediación
Código del tipo de medio n
338 ## - TIPO DE SOPORTE
Fuente rdacarrier
Nombre del tipo de soporte volumen
Código Tipo de soporte nc
505 ## - NOTA DE CONTENIDO
Información miscelánea Parte 1:
Título Comprender el territorio inexplorado;
Nota de contenido con formato preestablecido Seminario no me preparó para esto. -- Aventura o muerte. -- Un modelo de liderazgo para territorios inexplorados.
Información miscelánea Parte 2:
Título El conjunto de habilidades en el mapa:
Nota de contenido con formato preestablecido Competencia y Credibilidad. -- Preparándose para lo desconocido. -- Estrategia de alimentación para el desayuno.
Información miscelánea Parte 3:
Título Salirse del mapa:
Nota de contenido con formato preestablecido Navegando por la "Geografía de la Realidad". -- Mi abuelo italiano me estaba matando. -- No se limite a hacer algo, quédese ahí... Luego haga algo. -- ¡La misión triunfal! -- Mire bien el interior del ataúd.
Información miscelánea Parte 4:
Título Relaciones y Resistencia
Nota de contenido con formato preestablecido Gus y Hal van a la iglesia. -- Et Tu, Iglesia?
Información miscelánea Parte 5:
Título Transformación:
Nota de contenido con formato preestablecido Cómo una madre lactante salvó a Estados Unidos. -- El fin de nuestra exploración. -- Epílogo: Tomando la colina con la abuela. -- Expresiones de gratitud.
563 ## - NOTA DE ENCUADERNACIÓN
Nota de encuadernación Rústico
650 #7 - ASIENTO SECUNDARIO DE MATERIA - TERMINO TEMÁTICO
Término temático o nombre geográfico como elemento de entrada Liderazgo cristiano
Fuente del encabezamiento o término embne
9 (RLIN) 7271
650 #7 - ASIENTO SECUNDARIO DE MATERIA - TERMINO TEMÁTICO
Término temático o nombre geográfico como elemento de entrada Cristianismo
9 (RLIN) 22
942 ## - TIPO DE MATERIAL (KOHA)
Tipo de Item KOHA Libros General
945 ## - INFORMACIÓN LOCAL DEL REGISTRO
Catalogador JTF-925
Existencias
Estado de Material Estado de Perdido Forma de Clasificación Estado de Dañado No para Préstamo Colección Biblioteca de Origen Biblioteca Permanente Fecha de Adquisición Área Total de Préstamos Signatura Topográfica Código de Barras Última vez visto Ejemplar/Existencia Fecha de Remplazo Tipo de Material
    Dewey Decimal Classification     Colección General Biblioteca FUSBC Biblioteca FUSBC 06/06/2024 LIDERAZGO   G 253 B693c 22242 06/06/2024 Ej. 1 06/06/2024 Libros General

Biblioteca FUSBC | Teléfono: (57+4) 349 88 10 Ext. 141| WhatsApp (+57) 3005338115 
E-mail: biblioteca@unisbc.edu.co | Calle 76 87-14 Robledo Palenque, Medellín, Colombia

Con tecnología Koha